000 00393nam a2200169Ia 4500
008 210210b1993 xxu||||| |||| 00| 0 eng d
020 _a0 14 023404 7
082 _a741.5 LAXB
100 _aLAXMAN (R K).
245 _aBest of Laxman. V2.
260 _aNew York.
_bPenguin Books
_c1993
300 _aii,248
440 _a2
650 _aCartoons
690 _aThe Arts
906 _a047523
999 _c96625
_d96625